Cezhraničné dodávky medzi daňovými subjektami zo SR a daňovými subjektami zo štátov EÚ

Služby a tovary dodané do iného členského štátu daňovému subjektu z iného členského štátu - ilustračné príklady.

Na minha lista:
Detalhes bibliográficos
Autor principal: Glazelová, Ivana
Formato: Capítulo de Livro
Idioma:eslovaco
Assuntos:
Tags: Adicionar Tag
Sem tags, seja o primeiro a adicionar uma tag!

MARC

LEADER 00000naa a2200000 4500
001 0248480
005 20181025120847.4
041 0 |a slo 
044 |a SK 
245 1 0 |a Cezhraničné dodávky medzi daňovými subjektami zo SR a daňovými subjektami zo štátov EÚ  |c Ivana Glazelová 
520 |a Služby a tovary dodané do iného členského štátu daňovému subjektu z iného členského štátu - ilustračné príklady. 
610 2 0 |a daňovníci 
610 2 0 |a služby 
610 2 0 |a priznania daňové 
610 2 0 |a zdaňovanie medzinárodné 
610 2 0 |a výkazy účtovné 
610 2 0 |a Slovensko 
610 2 0 |a dane z hodnoty pridanej 
100 1 |a Glazelová, Ivana